Movies Quiz

Random Movies or Actor Quiz
Score 0/10 Timer 04:00
0 Plays Today
The Supermovie The Actor % Correct
Cars Left The Terminal Captain & Wilson's CloseTom Hanks
95.8%
All American A-Team Sniper Into Limitless Comebacks BabyBradley Cooper
92.3%
Bull Out of Field Chasing Postman Run MilesKevin Costner
91.9%
Murder, River Passage to Casablanca Mutiny No SleepHumphrey Bogart
91.5%
Child Star Singing Easter Till Summertime in OzJudy Garland
88.8%
Conversation Cut Connection with Clyde Die Unforgiven SupermanGene Hackman
87.3%
Charlotte's Pretty Brief Secret Smile Says Runaway SweetheartsJulia Roberts
84.9%
Actually Saving Children Maybe Remains The Primary SensibilityEmma Thompson
78.4%
Barefoot Barbarella & Cat Hurry Home to CaliforniaJane Fonda
77.2%
City Limits Too Limited on The Forever DayBill Murray
42.5%
Remove Ads.
Support Sporcle.
Get the best of Sporcle when you Go Orange. This ad-free experience offers more features, more stats, and more fun while also helping to support Sporcle. Thank you for becoming a member.

You're not logged in!

Compare scores with friends on all Sporcle quizzes.
OR
Log In

Show Comments

Extras

Top Quizzes Today


Score Distribution

Your Account Isn't Verified!

In order to create a playlist on Sporcle, you need to verify the email address you used during registration. Go to your Sporcle Settings to finish the process.

Report this User

Report this user for behavior that violates our Community Guidelines.

Details: